000 00713nam a2200181Ia 4500
008 151202s9999||||xx |||||||||||||| ||und||
082 _bPNVM-82039
100 _aआर्चर जेफ्री-अनु.सोहोनी लीना.
245 _aकेन अँड एबल.
260 _b"मेहता पब्लिशिंग हाऊस,पूणे."
260 _c2013
300 _a634
600 _aआर्चर जेफ्री-अनु.सोहोनी लीना.
630 _aकेन अँड एबल.
700 _aआर्चर जेफ्री-अनु.सोहोनी लीना.
730 _aकेन अँड एबल.
942 _cBOOK
999 _c1346647
_d1346644